Reformovať formálne štruktúry, alebo ich obsah?
Testovanie verejných služieb. Transparentnosť procesov využívania verejných prostriedkov. Personálny manažment vo verejnej správe. Absencia zákona o verejnej službe na Slovensku. Decentralizácia vo verejnom sektore a nové formy kontroly.
Salvato in:
| Autore principale: | |
|---|---|
| Natura: | Capitolo di libro |
| Lingua: | slovacco |
| Soggetti: | |
| Tags: |
Nessun Tag, puoi essere il primo ad aggiungerne!!
|
MARC
| LEADER | 00000naa a2200000 4500 | ||
|---|---|---|---|
| 001 | r035607 | ||
| 005 | 20230825082042.3 | ||
| 041 | 0 | |a slo | |
| 044 | |a SK | ||
| 245 | 1 | 0 | |a Reformovať formálne štruktúry, alebo ich obsah? |c Juraj Nemec |
| 520 | |a Testovanie verejných služieb. Transparentnosť procesov využívania verejných prostriedkov. Personálny manažment vo verejnej správe. Absencia zákona o verejnej službe na Slovensku. Decentralizácia vo verejnom sektore a nové formy kontroly. | ||
| 610 | 2 | 0 | |a správa verejná |
| 610 | 2 | 0 | |a reformy |
| 610 | 2 | 0 | |a služby verejné |
| 610 | 2 | 0 | |a financovanie |
| 610 | 2 | 0 | |a decentralizácia |
| 610 | 2 | 0 | |a manažment personálny |
| 610 | 2 | 0 | |a Slovensko |
| 100 | 1 | |a Nemec, Juraj | |